| 000 | 00773nam a2200157 a 4500 | ||
|---|---|---|---|
| 008 | 120416s1995 ||||||||||||||||| || u | ||
| 050 | _aGOV.ZAM(02)1995/2 | ||
| 100 | _aKatele, C. P | ||
| 245 | 1 | 0 |
_aBest practices in community infrastructure development _cPrepared for UNCHS Habitat II Conference Istanbul 1996 on behalf of the National Steering Committee for Habitat II Government of the Republic of Zambia |
| 260 |
_aLusaka _bGovernment of the Republic of Zambia _c1995 |
||
| 300 | _aiv, 23p. : ill. | ||
| 350 | _a0.00 | ||
| 650 | _aINFRASTRUCTURE (ECONOMICS)--ZAMBIA | ||
| 710 | _aGovernment of the Republic of Zambia (GRZ) | ||
| 995 |
_D0.00 _FCBU-MAIN LIBRARY (Kitwe) _H1 _I0.00 _M1 _UAVAILABLE _ZZambiana Collection |
||
| 999 |
_c35759 _d35759 |
||